Royaumes de feu- personnages principaux - Statistiques

Statistiques générales
  • Ce quiz a été pris 350 fois
  • Le résultat moyen est 9 sur 15
Statistiques - réponses
Tomes Héros % Correct
Tome 1 Argil
97%
Tome 2 Tsunami
95%
Tome 3 Gloria
91%
Tome 4 Comète
86%
Tome 5 Sunny
86%
Tome 6 Lune Claire
72%
Tome 7 Winter
61%
Tome 8 Peril
59%
Tome 9 Triton
54%
Tome 10 Quibli
44%
Tome 11 Blue
34%
Tome 12 Criquette
22%
Tome 14 Avalanche
20%
Tome 13 Drosera
20%
Tome 15 Séléna
20%
Aucun quiz correspondant
Distribution des résultats
% des personnes avec chaque résultat
Percentile par nombre de réponses
Votre historique - résultats
Vous n’avez pas pris ce quiz